Vzťah vedy a výskumu a potrieb hospodárskej praxe
Všeobecný pohľad na vedu a výskum. Aktuálny pohľad na vedecko-výskumný priestor v Európskej únii. Potreba vedecko-výskumných aktivít pri identifikovaní nielen ekonomických cieľov ale aj spoločensko-evironmentálnych cieľov, ktoré sú doménou základného výskumu. Nový model toku informácií. Zovšeobecnen...
Salvato in:
| Autore principale: | |
|---|---|
| Natura: | Capitolo di libro |
| Lingua: | slovacco |
| Soggetti: | |
| Tags: |
Nessun Tag, puoi essere il primo ad aggiungerne!!
|
MARC
| LEADER | 00000nla$a2200000$$$4500 | ||
|---|---|---|---|
| 001 | 0104292 | ||
| 005 | 20240502072136.6 | ||
| 041 | 0 | |a slo | |
| 044 | |a SK | ||
| 245 | 1 | 0 | |a Vzťah vedy a výskumu a potrieb hospodárskej praxe |c Radoslav Mizera |
| 520 | |a Všeobecný pohľad na vedu a výskum. Aktuálny pohľad na vedecko-výskumný priestor v Európskej únii. Potreba vedecko-výskumných aktivít pri identifikovaní nielen ekonomických cieľov ale aj spoločensko-evironmentálnych cieľov, ktoré sú doménou základného výskumu. Nový model toku informácií. Zovšeobecnenie do rovnice, ktorá vyjadruje efektívnosť vedecko-výskumného procesu. | ||
| 610 | 2 | 0 | |a veda |
| 610 | 2 | 0 | |a výskum aplikovaný |
| 610 | 2 | 0 | |a informácie vedecké |
| 610 | 2 | 0 | |a rozvoj hospodársky |
| 610 | 2 | 0 | |a Európska únia |
| 610 | 2 | 0 | |a rozvoj trvalo udržateľný |
| 100 | 1 | |a Mizera, Radoslav, 1982- | |